EXPRESSION OF THE EMOTIONS IN MAN AND AN (Record no. 18485)
[ view plain ]
| 000 -LEADER | |
|---|---|
| fixed length control field | 00356nam a2200133Ia 4500 |
| 008 - FIXED-LENGTH DATA ELEMENTS--GENERAL INFORMATION | |
| fixed length control field | 240624s9999 xx 000 0 und d |
| 041 ## - LANGUAGE CODE | |
| Language code of text/sound track or separate title | eng |
| 082 ## - DEWEY DECIMAL CLASSIFICATION NUMBER | |
| Classification number | 828 DAR |
| 100 ## - MAIN ENTRY--PERSONAL NAME | |
| Personal name | DARWIN CHARLES |
| 245 ## - TITLE STATEMENT | |
| Title | EXPRESSION OF THE EMOTIONS IN MAN AND AN |
| 260 ## - PUBLICATION, DISTRIBUTION, ETC. | |
| Date of publication, distribution, etc. | 2009 |
| Place of publication, distribution, etc. | London |
| Name of publisher, distributor, etc. | Harper Perennial |
| 300 ## - PHYSICAL DESCRIPTION | |
| Extent | xxxvi, : 470 : p. : cm. ; 21 |
| 365 ## - TRADE PRICE | |
| Currency code | GBP |
| Price amount | 25 |
| Withdrawn status | Lost status | Damaged status | Not for loan | Home library | Current library | Shelving location | Date acquired | Source of acquisition | Cost, normal purchase price | Full call number | Barcode | Date last seen | Copy number | Price effective from | Koha item type |
|---|---|---|---|---|---|---|---|---|---|---|---|---|---|---|---|
| IMTN | IMTN | Rack 42-A | 04/30/2012 | IBH | 8.99 | 828 DAR | 18485 | 06/24/2024 | 84.2 | 06/24/2024 | Books |